000
00233nam a2200097Ia 4500
008
170619s9999 xx 000 0 und d
100
_a
Taylor- Shirley
245
0
_a
Communication for business
260
_b
New Delhi Pearson
260
_c
2004
546
_a
ENGLISH
999
_c
21770
_d
21770